header

Econ macro 3 (Record no. 258378)

MARC details
000 -LEADER
fixed length control field 00472nam a22001817a 4500
003 - CONTROL NUMBER IDENTIFIER
control field OSt
005 - DATE AND TIME OF LATEST TRANSACTION
control field 20200611141850.0
008 - FIXED-LENGTH DATA ELEMENTS--GENERAL INFORMATION
fixed length control field 200611b xxu||||| |||| 00| 0 eng d
010 ## - LIBRARY OF CONGRESS CONTROL NUMBER
LC control number 2011927512
020 ## - INTERNATIONAL STANDARD BOOK NUMBER
International Standard Book Number 9781111826697
040 ## - CATALOGING SOURCE
Transcribing agency n/a
050 ## - LIBRARY OF CONGRESS CALL NUMBER
Classification number HB 172.5
Item number .M322 2012
100 ## - MAIN ENTRY--PERSONAL NAME
Personal name William A McEachern
245 ## - TITLE STATEMENT
Title Econ macro 3
260 ## - PUBLICATION, DISTRIBUTION, ETC. (IMPRINT)
Place of publication, distribution, etc Mason, OH :
Name of publisher, distributor, etc South-Western Cengage Learning,
Date of publication, distribution, etc c2012
300 ## - PHYSICAL DESCRIPTION
Extent xii;various pagings
Other physical details ill.
942 ## - ADDED ENTRY ELEMENTS (KOHA)
Source of classification or shelving scheme Library of Congress Classification
Koha item type Long Loan Books
Holdings
Withdrawn status Lost status Source of classification or shelving scheme Damaged status Not for loan Collection code Home library Current library Shelving location Date acquired Total Checkouts Full call number Barcode Date last seen Price effective from Koha item type
    Library of Congress Classification     Non-fiction Rongo University Library Rongo University Library General Stacks 11/06/2020   HB 172.5 .M322 2012 201901810 11/06/2020 11/06/2020 Long Loan Books

© 2026 Rongo University
Contact us: librarian | system librarian | Rongo university